Normal view
MARC view
Entry Personal Name
001 - CONTROL NUMBER
- control field: 1240155
003 - CONTROL NUMBER IDENTIFIER
- control field: OSt
005 - DATE AND TIME OF LATEST TRANSACTION
- control field: 20260515144647.0
008 - FIXED-LENGTH DATA ELEMENTS
- fixed length control field: 260515|| aca||aabn | a|a d
040 ## - CATALOGING SOURCE
- Original cataloging agency: OSt
- Transcribing agency: OSt
100 ## - HEADING--PERSONAL NAME
- Personal name: Rothert, Edward
670 ## - SOURCE DATA FOUND
- Source citation: Work cat.: (OSt)238088: Berenstein, Tatiana 113628, Assistance to the Jews in Poland 1939-1945, 1963.
